Loading...
| Fine Arts - Classical Music | 0 | 10 | 0 | 1 | 100 | 51 | 85.80 | 3 | 4 | 30.67 | 73.50 |
| Mythology | 0 | 7 | 1 | 1 | 65 | 75 | 94.43 | 0 | 0 | 17.87 | 30.67 |
| Fine Arts - Other | 0 | 6 | 1 | 1 | 55 | 25 | 87.00 | 2 | 3 | 19.44 | 44.50 |
| Literature - American | 0 | 5 | 0 | 0 | 50 | 35 | 87.20 | 0 | 2 | 19.31 | 27.50 |
| Literature - European | 0 | 4 | 0 | 0 | 40 | 77 | 98.25 | 0 | 1 | 10.95 | 23.33 |
| Science - Chemistry | 0 | 4 | 0 | 0 | 40 | 55 | 70.25 | 0 | 1 | 15.22 | 29.17 |
| Literature - World | 0 | 4 | 0 | 0 | 40 | 46 | 86.25 | 0 | 3 | 15.53 | 25.50 |
| Fine Arts - Painting and Sculpture | 0 | 4 | 2 | 0 | 30 | 60 | 80.00 | 3 | 3 | 14.85 | 35.83 |
| Philosophy | 0 | 3 | 1 | 2 | 25 | 80 | 105.67 | 0 | 0 | 2.73 | 11.67 |
| Social Science | 0 | 2 | 0 | 0 | 20 | 69 | 82.00 | 0 | 0 | 5.01 | 5.83 |
| Literature - British | 0 | 2 | 0 | 0 | 20 | 100 | 111.00 | 0 | 0 | 3.74 | 11.00 |
| Religion | 0 | 2 | 1 | 0 | 15 | 54 | 66.50 | 0 | 1 | 9.36 | 16.50 |
| Science - Biology | 0 | 1 | 0 | 0 | 10 | 86 | 86.00 | 0 | 0 | 1.40 | 5.83 |
| Popular Culture | 0 | 1 | 1 | 1 | 5 | 108 | 108.00 | 0 | 0 | 6.06 | 16.67 |
| History - Other | 0 | 0 | 0 | 0 | 0 | 0.00 | 0 | 0 | 0.00 | 0.00 | |
| History - American | 0 | 0 | 1 | 0 | -5 | 0.00 | 0 | 0 | 0.00 | 0.00 | |
| Science - Other | 0 | 0 | 1 | 0 | -5 | 0.00 | 0 | 0 | 0.00 | 0.00 | |
| Current Events | 0 | 0 | 1 | 0 | -5 | 0.00 | 0 | 0 | 0.00 | 0.00 |